Представление документа в формате RUSMARC

ПолеНазваниеЗначение
  Тип записи a
  Библиографический уровень m
001 Контрольный номер RU/SLIB/B/208787948
005 Дата корректировки 20231019144540.4
010 Индекс ISBN __
d Цена 1-30
101 Язык документа 0_
a Язык текста rus
c Язык оригинала rus
200 Заглавие и сведения об ответственности 1_
a Заглавие Гуляй, Волга
e Сведения, относящиеся к заглавию роман о Ермаке
f Первые сведения об ответственности Веселый А. ; послесл. З. А. Веселой ; оформ. худож. В. П. Кравчука
b Общее обозначение материала Текст
210 Выходные данные 1_
a Место издания Кемерово
c Издательство Кемер. кн. изд-во
d Дата издания 1981
215 Физическое описание __
a Объем 223 с., [1] л. рис.
600 Персоналии _1
a Персоналии (Фамилия) Ермак
c Дополнение к имени казачий атаман
606 Тематические рубрики __
a Основная рубрика Художественная литература
y Географическая подрубрика Россия
606 Тематические рубрики __
a Основная рубрика Русская литература XX в. (произведения)
610 Ключевые слова 0_
a Ключевые слова романы; прозаики; проза
686 Индексы других классификаций __
a Классификационный индекс 84(2Рос=Рус)6-4
700 Автор _1
a Фамилия Веселый
b Имя А.
4 Код отношения 070
702 Вторичная интеллектуальная ответственность _1
a Фамилия Веселая
b Имя З. А.
4 Код отношения Автор предисловия и т.д.
4 Код отношения 080
702 Вторичная интеллектуальная ответственность _1
a Фамилия Кравчук
b Имя В. П.
4 Код отношения Художник
4 Код отношения 040
801 Источник записи _0
a Страна RU
b Организация Муниципальное бюджетное учреждение культуры "Централизованная библиотечная система" г. Сургут (Центральная городская библиотека им. А. С. Пушкина)
g Правила каталогизации ЦДБ/Суздальцева
801 Источник записи _1
a Страна RU
b Организация Муниципальное бюджетное учреждение культуры "Централизованная библиотечная система" г. Сургут (Центральная городская библиотека им. А. С. Пушкина)
g Правила каталогизации ЦДБ/Суздальцева
852 Данные о местонахождении __
j Шифр хранения 84(2Рос=Рус)6-4
c Каталожный индекс 84(2Рос=Рус)6-4
i Авторский знак В 38
p Инвентарный номер 15122
901 Тип документа __
t Тип документа m
903 Характеристики (МАРС) __
a Дата передачи 20060413
990 Данные о заказе (DOS) __
t N записи в КСУ для И/У (DOS) 199101
j Количество экземпляров (DOS) 2